| 000 | 00513nam a2200181Ia 4500 | ||
|---|---|---|---|
| 003 | GCL | ||
| 008 | 140319s9999 xx 000 0 ara d | ||
| 040 |
_aGCL / _cGCL |
||
| 082 | 0 | 4 |
_a243 _bع د |
| 100 | 1 | _aعبدالرحيم بن احمد القاضى | |
| 245 | 1 | 0 |
_aدقائق الاخبار : فى ذكر الجنة والنار / _cعبدالرحيم بن احمد القاضى |
| 300 | _a56 ص | ||
| 490 | _a | ||
| 650 | 0 | 4 | _aالجنة |
| 650 | 0 | 4 | _aجهنم |
| 650 | 0 | 4 | _aالنار |
| 942 |
_2ddc _cBK |
||
| 999 |
_c46356 _d46356 |
||